Ernest Hemingway or Mark Twain? Quiz Stats

 Plays Quiz Updated Jun 17, 2019

Score 0/16 Timer 03:00
11 Plays Today
Book Hemingway (H) or Twain (T) % Correct
A Farewell To Arms???
93.9%
The Adventures of Huckleberry Finn???
93.6%
The Sun Also Rises???
93.1%
For Whom The Bell Tolls???
92.3%
The Adventures of Tom Sawyer???
92.2%
The Old Man and The Sea???
91.1%
Life on the Mississippi???
87.2%
To Have and Have Not???
77.6%
Book Hemingway (H) or Twain (T) % Correct
The Garden of Eden???
77.6%
The Mysterious Stranger???
73.4%
Roughing It???
71.4%
A Moveable Feast???
64.7%
The Gilded Age???
61.5%
The Innocents Abroad???
59.2%
The Nick Adams Stories???
51.2%
Following the Equator???
40.5%

You're not logged in!

Compare scores with friends on all Sporcle quizzes.
OR
Log In

Sporcle TV

Today on Sporcle TV


Watch our educational content, quiz creation guides, and fun videos on Sporcle TV.

Show Comments

Extras

Top Quizzes Today


Score Distribution

Your Account Isn't Verified!

In order to create a playlist on Sporcle, you need to verify the email address you used during registration. Go to your Sporcle Settings to finish the process.

Report this User

Report this user for behavior that violates our Community Guidelines.

Details: